000 00856nam a2200313Ia 4500
001 63821
003 IT-RoPAU
008 130308s9999 xx 000 0 und d
040 _aIT-RoPAU
040 _cIT-RoPAU
041 _aITALIANO
100 _aAlicata Mario
100 _gCodice Aut. SPICS: 9992
245 _aVerità e poesia: Verga e il cinema italiano
245 _bSul Neorealismo-Testi e Documenti (1939-1955)
250 _a1a ed.
260 _aPESARO
260 _bMostra Del Nuovo Cinema
260 _c1974 [1° Ed.:1974 - Ed.Ling.Originale:1941]
300 _a"7 p. (prefazione: no ; testo: 7 [pagine: 16-22])"
650 _aSTORIA DEL CINEMA
650 _eCodice materia Spics: 6808
700 _aDe Santis Giuseppe
700 _gCodice Aut. SPICS: 7279
942 _cBK
957 _71
999 _c53774
_d53774
999 _bSI
999 _g1